000 00507nam a22001817a 4500
003 DO-SdBNP
005 20180417093127.0
008 180417b fr||||| |||| 00| 0 fra d
020 _a2878811453
040 _aBPMSU
_bfra
_cBPMSU
100 _aPercy, Helene
245 _aA petits pas vers l“art :
_banimausc sauvages
_cHelene Percy
260 _a[s.l]
_bLes Livres Du Dragondor
_c1994
300 _a15 p.
_bil.
_c24. 5 cm
942 _2ddc
_cBK
945 _ainventariado, 2018 / dg
956 _adgarcia
_b10
999 _c13364
_d13364